[Event "POL-ch Blitz U18"]
[Site "Bydgoszcz"]
[Date "2023.08.31"]
[Round "3"]
[White "Korszanski, Stanislaw"]
[Black "Pawlikowski, Wladyslaw"]
[Result "1-0"]
[WhiteElo "1629"]
[BlackElo "1320"]
[PlyCount "41"]
[EventDate "2023.08.28"]
[EventType "swiss"]
[EventRounds "10"]
[EventCountry "POL"]
[SourceTitle "EXT 2024"]
[Source "ChessBase"]
[SourceDate "2023.10.10"]
[SourceVersion "1"]
[SourceVersionDate "2023.10.10"]
[SourceQuality "1"]

1. e4 e5 2. Nf3 Nc6 3. d4 exd4 4. Bc4 Nf6 5. e5 d5 6. Bb5 Nd7 7. Bxc6 bxc6 8. Nxd4 Nb8 9. Nc3 Bb7 10. 0-0 Bc5 11. Nf3 Bb4 12. Bg5 Qd7 13. Re1 0-0 14. Qd2 c5 15. Rad1 d4 16. Ne2 Bxf3 17. gxf3 Nc6 18. Ng3 Rfe8 19. c3 Nxe5 20. Kg2 Qc6 21. Qc2 1-0

[Event "POL-ch Rapid U18"]
[Site "Bydgoszcz"]
[Date "2023.08.30"]
[Round "11"]
[White "Korszanski, Stanislaw"]
[Black "Jasiulewicz, Kamil"]
[Result "0-1"]
[WhiteElo "1724"]
[BlackElo "1282"]
[PlyCount "98"]
[EventDate "2023.08.28"]
[EventType "swiss"]
[EventRounds "11"]
[EventCountry "POL"]
[SourceTitle "EXT 2024"]
[Source "ChessBase"]
[SourceDate "2023.10.10"]
[SourceVersion "1"]
[SourceVersionDate "2023.10.10"]
[SourceQuality "1"]

1. e4 c5 2. Nf3 d6 3. d4 cxd4 4. Nxd4 Nf6 5. Nc3 a6 6. f3 e5 7. Nb3 Be7 8. Be3 Nc6 9. Nd5 Nxd5 10. exd5 Nb8 11. Qd2 Nd7 12. Bd3 Nf6 13. c4 Bd7 14. g4 e4 15. Bxe4 Nxe4 16. fxe4 Bxg4 17. Rg1 Bh4+ 18. Bf2 h5 19. Bxh4 Qxh4+ 20. Qf2 Qxf2+ 21. Kxf2 0-0 22. Rge1 Rac8 23. Rac1 b6 24. e5 dxe5 25. Rxe5 Rfe8 26. Rxe8+ Rxe8 27. Re1 Rxe1 28. Kxe1 Kf8 29. Kd2 f5 30. c5 bxc5 31. Nxc5 a5 32. h4 Ke7 33. Nb7 Bf3 34. Nxa5 Bxd5 35. a4 g5 36. Ke3 gxh4 37. Kf4 h3 38. Kg3 f4+ 39. Kxh3 f3 40. Kg3 h4+ 41. Kf2 h3 42. Nc4 h2 43. Ne3 Ke6 44. a5 h1Q 45. a6 Qh2+ 46. Kf1 Qe2+ 47. Kg1 f2+ 48. Kh2 f1Q+ 49. Kg3 Qef3+ 0-1

[Event "POL-ch U10"]
[Site "Jastrzebia Gora"]
[Date "2022.03.16"]
[Round "9"]
[White "Golis, Wiktor"]
[Black "Korszanski, Stanislaw"]
[Result "0-1"]
[WhiteElo "1712"]
[BlackElo "1443"]
[PlyCount "46"]
[EventDate "2022.03.08"]
[EventType "swiss"]
[EventRounds "9"]
[EventCountry "POL"]
[SourceTitle "EXT 2023"]
[Source "ChessBase"]
[SourceDate "2022.10.05"]
[SourceVersion "1"]
[SourceVersionDate "2022.10.05"]
[SourceQuality "1"]

1. e4 e5 2. Nf3 Nc6 3. Bb5 f5 4. d3 fxe4 5. dxe4 Nf6 6. 0-0 Bc5 7. Bxc6 bxc6 8. Nxe5 0-0 9. Nc3 Ba6 10. Nd3 Bb6 11. Bg5 Qe8 12. Qe2 Qg6 13. Bxf6 Rxf6 14. Kh1 Raf8 15. f3 d6 16. Na4 Bd4 17. c3 Bxd3 18. Qxd3 Be5 19. Kg1 Qh5 20. f4 Bxf4 21. g3 Qh3 22. Qc4+ d5 23. Qe2 Be3+ 0-1

[Event "POL-ch U10"]
[Site "Jastrzebia Gora"]
[Date "2022.03.12"]
[Round "4"]
[White "Bury, Marcel"]
[Black "Korszanski, Stanislaw"]
[Result "0-1"]
[WhiteElo "1314"]
[BlackElo "1443"]
[PlyCount "82"]
[EventDate "2022.03.08"]
[EventType "swiss"]
[EventRounds "9"]
[EventCountry "POL"]
[SourceTitle "EXT 2023"]
[Source "ChessBase"]
[SourceDate "2022.10.05"]
[SourceVersion "1"]
[SourceVersionDate "2022.10.05"]
[SourceQuality "1"]

1. e4 e5 2. Nf3 Nc6 3. d4 exd4 4. Bc4 Nf6 5. 0-0 Nxe4 6. Re1 d5 7. Bxd5 Qxd5 8. Nc3 Qh5 9. Nxe4 Be6 10. Neg5 0-0-0 11. Nxe6 fxe6 12. Rxe6 Bd6 13. Qe2 Rhe8 14. Bg5 Ne5 15. Rxe8 Nxf3+ 16. Kf1 Nxh2+ 17. Ke1 Rxe8 18. Be3 Qxe2+ 19. Kxe2 dxe3 20. fxe3 Ng4 21. Kf3 Nxe3 22. Re1 Kd7 23. Rxe3 Rxe3+ 24. Kxe3 Ke6 25. c4 Kf5 26. Kf3 g5 27. a3 g4+ 28. Kf2 Bc5+ 29. Ke2 h5 30. b4 Bd4 31. g3 h4 32. gxh4 Kf4 33. Kf1 Kf3 34. h5 g3 35. h6 g2+ 36. Ke1 g1Q+ 37. Kd2 Qe3+ 38. Kd1 Qd3+ 39. Kc1 Bc3 40. h7 Qd2+ 41. Kb1 Qb2# 0-1

[Event "POL-ch U10"]
[Site "Jastrzebia Gora"]
[Date "2022.03.12"]
[Round "5"]
[White "Korszanski, Stanislaw"]
[Black "Gibala, Adam"]
[Result "1/2-1/2"]
[WhiteElo "1443"]
[BlackElo "1507"]
[PlyCount "69"]
[EventDate "2022.03.08"]
[EventType "swiss"]
[EventRounds "9"]
[EventCountry "POL"]
[SourceTitle "EXT 2023"]
[Source "ChessBase"]
[SourceDate "2022.10.05"]
[SourceVersion "1"]
[SourceVersionDate "2022.10.05"]
[SourceQuality "1"]

1. e4 c5 2. Nc3 d6 3. Nge2 Nc6 4. g3 g6 5. Bg2 Bg7 6. 0-0 e6 7. d3 Nge7 8. f4 0-0 9. Be3 b6 10. g4 d5 11. d4 cxd4 12. Nxd4 Bxd4 13. Bxd4 dxe4 14. Bxe4 Nxd4 15. Bxa8 Ba6 16. Rf2 Qd7 17. Rd2 Rd8 18. Ne4 Kg7 19. c3 Be2 20. Rxd4 Bxd1 21. Raxd1 Nd5 22. Bxd5 exd5 23. Nf2 b5 24. b3 Qc8 25. c4 Rd6 26. h3 h5 27. g5 bxc4 28. bxc4 h4 29. cxd5 Qc2 30. R1d2 Qb1+ 31. Kg2 Qe1 32. Rd1 Qe3 33. R1d3 Qe1 34. Rd1 Qe3 35. R1d3 1/2-1/2

[Event "POL-ch U10"]
[Site "Jastrzebia Gora"]
[Date "2021.??.??"]
[Round "3"]
[White "Korszanski, Stanislaw"]
[Black "Piechocki, Krystian"]
[Result "1-0"]
[WhiteElo "1040"]
[BlackElo "1151"]
[PlyCount "95"]
[EventDate "2021.02.28"]
[EventType "swiss"]
[EventRounds "9"]
[EventCountry "POL"]
[SourceTitle "EXT 2022"]
[Source "ChessBase"]
[SourceDate "2021.10.06"]
[SourceVersion "1"]
[SourceVersionDate "2021.10.06"]
[SourceQuality "1"]

1. e4 e6 2. d4 d5 3. e5 c5 4. c3 Qb6 5. Bd3 Nc6 6. Nf3 Bd7 7. dxc5 Bxc5 8. 0-0 f6 9. b4 Be7 10. exf6 Nxf6 11. Bf4 0-0 12. Qc2 Rac8 13. a3 d4 14. Ng5 e5 15. Bg3 dxc3 16. Qa2+ Kh8 17. Nf7+ Rxf7 18. Qxf7 e4 19. Be2 Rf8 20. Qa2 Nd4 21. Nxc3 Qc6 22. Rac1 Be6 23. Qb2 Rc8 24. Kh1 e3 25. fxe3 Bh3 26. Bf3 Nxf3 27. Rxf3 Ne4 28. Ne2 Qd5 29. Nf4 Qd2 30. Qxd2 Nxd2 31. Rxc8+ Bxc8 32. Nd5 Bxb4 33. axb4 Nxf3 34. gxf3 b6 35. b5 Bb7 36. e4 Kg8 37. Kg2 Kf7 38. Kf2 Ke6 39. Bb8 Bxd5 40. exd5+ Kxd5 41. Bxa7 Kc5 42. Ke3 Kxb5 43. Ke4 Ka6 44. Bb8 b5 45. Kd5 Ka5 46. Ke6 b4 47. Kf7 b3 48. Be5 1-0